Fr. Conceicao Rodrigues College of Engineering

Design Of Machine Elements (Record no. 24776)

MARC details
000 -LEADER
fixed length control field 00384nam a2200169Ia 4500
082 ## - DEWEY DECIMAL CLASSIFICATION NUMBER
Classification number 620.0015
Item number SHA
100 ## - MAIN ENTRY--PERSONAL NAME
Personal name Sharma/C.S/ Kamlesh/Purohit
245 ## - TITLE STATEMENT
Title Design Of Machine Elements
260 ## - PUBLICATION, DISTRIBUTION, ETC.
Name of publisher, distributor, etc. Prentice Hall of India
Date of publication, distribution, etc. 2003
366 ## - TRADE AVAILABILITY INFORMATION
Publishers's discount category 25
300 ## - PHYSICAL DESCRIPTION
Extent 766
546 ## - LANGUAGE NOTE
Language note ENGLISH
650 ## - SUBJECT ADDED ENTRY--TOPICAL TERM
Topical term or geographic name entry element Machine Elements
654 ## - SUBJECT ADDED ENTRY--FACETED TOPICAL TERMS
Focus term machine elements
942 ## - ADDED ENTRY ELEMENTS (KOHA)
Koha item type BOOK
Holdings
Withdrawn status Lost status Damaged status Not for loan Collection Home library Current library Date acquired Source of acquisition Cost, normal purchase price Inventory number Total Checkouts Full call number Barcode Date last seen Cost, replacement price Price effective from Koha item type
        CRC Fr. Agnel's C.Rodrigues College of Engineering Fr. Agnel's C.Rodrigues College of Engineering 17/03/2023 Allied Publisher 337.50 630 dt 21.11.2018   620.0015 SHA 25398 17/03/2023 450.00   BOOK